书目信息 |
| 题名: |
食品冷冻加工技术
|
|
| 作者: | 李勇 主编 | |
| 分册: | ||
| 出版信息: | 北京 化学工业出版社 2005 |
|
| 页数: | 325页 | |
| 开本: | 24cm | |
| 丛书名: | 现代食品加工新技术丛书 | |
| 单 册: | ||
| 中图分类: | TS205.7 | |
| 科图分类: | ||
| 主题词: | 食品冷加工 | |
| 电子资源: | ||
| ISBN: | 7-5025-6382-2 | |
| 000 | 00933oam2 2200265 450 | |
| 001 | 002837915 | |
| 005 | 20080303094358.48 | |
| 010 | @a7-5025-6382-2@dCNY38.00 | |
| 035 | @a002837915 | |
| 100 | @a20050221d2005 em y0chiy0110 ea | |
| 101 | 0 | @achi |
| 102 | @aCN@b110000 | |
| 105 | @aa z 000yy | |
| 106 | @ar | |
| 200 | 1 | @a食品冷冻加工技术@Ashi pin leng dong jia gong ji shu@f李勇主编 |
| 210 | @a北京@c化学工业出版社@d2005 | |
| 215 | @a325页@c图@d24cm | |
| 225 | 2 | @a现代食品加工新技术丛书 |
| 330 | @a本书介绍了冷冻冷藏食品的化学成分、物理化学基础、食品及其原料的热物理性质、食品冷冻的制冷技术、食品的冷却与冷藏、食品的冻结与冻藏、食品材料的玻璃化、冷冻浓缩、冷冻干燥、冷却与冻结装置、冷藏库和冷藏链等内容。 | |
| 461 | 0 | @1001002847578@12001 @a现代食品加工新技术丛书 |
| 606 | 0 | @a食品冷加工 |
| 690 | @aTS205.7@v4 | |
| 701 | 0 | @a李勇@Ali yong@c(副教授)@4主编 |
| 801 | 0 | @aCN@bNLC@c20080303 |
| 905 | @dTS205.7@e103@f4 | |
| 食品冷冻加工技术/李勇主编.-北京:化学工业出版社,2005 |
| 325页:图;24cm.-(现代食品加工新技术丛书) |
| ISBN 7-5025-6382-2:CNY38.00 |
| 本书介绍了冷冻冷藏食品的化学成分、物理化学基础、食品及其原料的热物理性质、食品冷冻的制冷技术、食品的冷却与冷藏、食品的冻结与冻藏、食品材料的玻璃化、冷冻浓缩、冷冻干燥、冷却与冻结装置、冷藏库和冷藏链等内容。 |
| ● |
| 相关链接 |
|
|
|
|
正题名:食品冷冻加工技术
索取号:TS205.7/103
 
预约/预借
| 序号 | 登录号 | 条形码 | 馆藏地/架位号 | 状态 | 备注 |
| 1 | 0614818 | 206148186 | 第二样本阅览室/ [索取号:TS205.7/103] | 在馆 | |
| 2 | 0614819 | 206148195 | 第三借阅区/ [索取号:TS205.7/103] | 在馆 | |
| 3 | 0614820 | 206148202 | 第三借阅区/ [索取号:TS205.7/103] | 在馆 | |
| 4 | 0614821 | 206148211 | 第三借阅区/ [索取号:TS205.7/103] | 在馆 |